000 00414nam a2200181Ia 4500
005 20250423095443.0
008 250422s9999 xx 000 0 und d
020 _a0788184870701
050 _aQE 28 .R69/
100 _aRoy, A.B.
245 0 _aFundamentals of geology
260 _aNew Delhi
260 _bNarosa publishing house
260 _c2014
300 _a291 p
650 _aGeology.
942 _cBK
999 _c30323
_d30323